000 00710nam a2200289Ia 4500
005 20260324133449.0
008 008 260324s9999 xx 000 0 eng d
020 _a9780429214684
037 _aEBOOK
040 _aCRL
040 _beng
040 _cCRL
041 _2eng
041 _aeng
084 _qCRL
100 _aKenneth E. Barner; Gonzalo R. Arce
_91193194
245 0 _aNonlinear Signal and Image Processing
245 0 _bTheory, Methods, and Applications
260 _bTaylor and Francis
260 _c2003
365 _a
365 _b370
856 _uhttp://www.taylorfrancis.com/books/9780429214684
942 _cEBOOK
999 _c1792245
_d1792245